000 00399cam a2200145ua 4500
041 _aeng
_h
082 _a828.09
_bCHA/EN
100 _aChambers, E k .
245 _aEnglish literature at the close of the middle ages /
_cE K Chambers.
_hTextual Documents
260 _aLondon :
_bOxford at the Clarendon Press ,
_c1964.
300 _a247 ; .
504 _a
942 _cBK
999 _c11556
_d11556